000 01155nam a2200313 a 4500
001 74797
003 BD-RjUL
005 20211209082614.0
008 181206s1964 nyuab 001 0 eng
035 _a(BD-RjUL)75015
040 _aDLC
_cDLC
_dDLC
_dBD-RjUL
_beng
041 _aeng
051 _aQL50
_b.R28 Copy 3
_cIn dust jacket. From the library of Rouben Mamoulian.
082 0 0 _223
_a591
_bMAR 1964
245 0 0 _aMarvels & mysteries of our animal world /
_cwith introductions and a special supplement, "Animals from A to Z," by Jean George.
246 3 _aMarvels and mysteries of our animal world
246 1 _iAt head of title:
_aReader's Digest
260 _aPleasantville, N.Y. :
_bReader's Digest Association,
_cc1964.
300 _a320 p. :
_bill. (some col.), col. maps ;
_c32 cm.
500 _a"Coronet books."
500 _aIncludes index.
650 0 _aZoology.
_9225638
700 1 2 _aGeorge, Jean Craighead,
_d1919-2012.
_9225643
710 2 _aReader's Digest Association.
_9225640
710 2 _aRouben Mamoulian Collection (Library of Congress)
_5DLC
_9225641
942 _2ddc
_cBK
999 _c74797
_d74797